Rugby League Challenge Cup Winners - Statistics

General Stats
  • This quiz has been taken 174 times
  • The average score is 15 of 27
Answer Stats
Winner % Correct
Leeds
91%
Wigan
91%
St Helens
89%
Hull FC
88%
Warrington
87%
Bradford
83%
Hull KR
83%
Leigh
70%
Salford
70%
Wakefield
70%
Castleford
69%
Widnes
69%
Huddersfield
67%
Sheffield
62%
Halifax
60%
Catalans
58%
Oldham
48%
Featherstone
43%
Batley
40%
Rochdale
38%
Dewsbury
33%
Barrow
30%
Workington
30%
Hunslet
29%
Swinton
26%
Broughton
8%
Bradford FC
4%
No matching quizzes found
Score Distribution
Percent of People with Each Score
Percentile by Number Answered
Your Score History
You have not taken this quiz